Cómo diseñar una lámpara
I tiakina i:
| Kaituhi matua: | |
|---|---|
| Hōputu: | Pukapuka |
| Reo: | Pāniora |
| I whakaputaina: |
Barcelona
Gustavo Gili SL
2012
|
| Ngā marau: | |
| Ngā Tūtohu: |
Tāpirihia he Tūtohu
Kāore He Tūtohu, Me noho koe te mea tuatahi ki te tūtohu i tēnei pūkete!
|
MARC
| LEADER | 00000cam a2200000 a 4500 | ||
|---|---|---|---|
| 001 | UCF8462 | ||
| 003 | CL-VaPUC | ||
| 008 | 130829e20120000sp |||||||||||||||||spa|d | ||
| 020 | |a 9788425224676 | ||
| 082 | 0 | 4 | |a 745.593 |b WIL |2 21 |
| 100 | 0 | |a Wilhide, Elizabeth |e author |9 570534 | |
| 245 | 1 | 0 | |a Cómo diseñar una lámpara |
| 300 | |a 107 p | ||
| 942 | |c BK | ||
| 945 | |d 20130829 16:45:00 |a dcastane | ||
| 260 | |a Barcelona |b Gustavo Gili SL |c 2012 | ||
| 650 | 0 | |a Diseño industrial |9 262726 | |
| 650 | 0 | |a Diseño de objetos |9 484552 | |
| 650 | 7 | |a LAMPARAS |2 CL-VaPUC |9 436447 | |
| 583 | |a last modification |c 20130829 16:45:00 |k Rodrigo Vera | ||
| 999 | |c 353033 |d 353031 | ||
| 952 | |0 0 |1 0 |3 erb |4 0 |6 745_593000000000000_WIL_2012 |7 0 |8 A |9 457878 |a BIBARQ |b BIBARQ |d 2019-11-23 |i 5001366 |l 4 |o 745.593 WIL 2012 |p 5001366 |r 2025-01-20 |s 2023-10-10 |w 2019-11-23 |y BK |z Catalogado en:20130829 |k ARQ | ||